000 01098nam a2200349 a 4500
001 58015
003 CO-BoRNBP
005 20260128154433.0
007 ta
008 150331s2013 sp a gr 0001j spa d
020 _a9788426139849
040 _aCO-BoBLA
_bspa
_cCO-BoBLA
_drda
041 1 _aspa
_hfre
043 _ae-fr---
082 0 4 _aI843.91
_bL19p
_219
084 _aC LAV1
100 1 _aLavoie, Mathieu.
_962229
245 1 0 _aPero papá /
_cMathieu Lavoie, Marianne Dubuc ; traducción de Élodie Bourgeois.
250 _a1a. edición
300 _a[30] páginas :
_bilustraciones ;
_c22 cm.
336 _2rdacontent
_atexto
_btxt
337 _2rdamedia
_asin mediación
_bn
338 _2rdacarrier
_avolumen
_bnc
534 _tMais papa.
650 7 _aLibros ilustrados para niños.
_2BLAAUTO
_92001
650 7 _aCuentos infantiles franceses.
_2BLAAUTO
_97840
650 7 _aMonos
_v Cuentos infantiles.
_2BLAAUTO
_962230
700 1 _aDubuc, Marianne,
_d1980-
_962231
700 1 _aBourgeois, Elodie,
_etraductora.
_961963
942 _2ddc
_cBKLITI
949 _an
_bn
999 _c58015
_d58015